|
|
|
|
| LEADER |
00000nas a2200000 i 4500 |
| 001 |
ssj0001070448 |
| 003 |
WaSeSS |
| 005 |
20200512172242.0 |
| 006 |
m d |
| 007 |
cr n |
| 008 |
131213c20uu9999nyud| n|s|||||| |0eng d |
| 035 |
|
|
|a (WaSeSS)ssj0001070448
|
| 040 |
|
|
|a WaSeSS
|b eng
|c WaSeSS
|d WaSeSS
|
| 050 |
1 |
4 |
|a HG2032
|
| 245 |
0 |
0 |
|a Credit union times. breaking news
|h [electronic resource].
|
| 260 |
|
|
|a New York :
|b National Underwriter Company dba Summit Business Media
|
| 310 |
|
|
|a Daily
|
| 506 |
|
|
|a License restrictions may limit access.
|
| 588 |
|
|
|a Description based on: October 14, 2011; title from title screen (ProQuest, viewed Dec. 13, 2013).
|
| 588 |
|
|
|a Latest issue consulted: December 11, 2013 (viewed Dec. 13, 2013).
|
| 650 |
|
0 |
|a Credit unions
|v Newspapers.
|
| 655 |
|
0 |
|a Electronic journals.
|
| 856 |
4 |
0 |
|z Full text available from Research Library: 10/14/2011 to 02/28/2018
|u https://search.proquest.com/publication/436340
|